| 000 | 00915nam a2200229 a 4500 | ||
|---|---|---|---|
| 001 | 000006228 | ||
| 005 | 20260430135601.0 | ||
| 008 | 090827s2002 dr a r 000 0 spa d | ||
| 020 | _a999342336X | ||
| 040 |
_aDO-SdBNP _bspa _cBNPHU |
||
| 082 |
_a370.9 _bS593h |
||
| 100 | 1 |
_aSimó T., Dennis R. _917414 |
|
| 245 | 1 | 3 |
_aEl huracán de la ignorancia / _cDennis R. Simó T. ; prólogo Rafael Toribio ; cuidado de edición Graciela Azcárate. |
| 260 |
_aSanto Domingo, : _bIniversidad APEC, _c2002. |
||
| 300 |
_a210 p. : _bil. ; _c23 cm. |
||
| 500 | _aIncluye datos biográficos del autor en la solapa de la cubierta | ||
| 650 | 0 |
_aPolítica educativa _zRepública Dominicana _917415 |
|
| 650 | 4 |
_aCalidad de la educación _zRepública Dominicana _9741 |
|
| 650 | 4 |
_aSociología de la educación _zRepública Dominicana _917416 |
|
| 700 | 1 |
_aToribio, Rafael, _epról. _916492 |
|
| 700 | 1 |
_aGraciela, Azcárate, _eed. _917417 |
|
| 999 |
_c6023 _d6023 |
||